000 00685nam a2200217 a 4500
001 000047595
003 DO-SdBNP
005 20220512115036.0
007 ta
008 180704s2018 dr 000 spa d
020 _a9789945169409
040 _aDO-SdBNP
_bspa
_cBNPHU
082 _a304.82
_bE792
245 0 _aEstado de las migraciones que atañen a la República Dominicana 2017.
260 _aSanto Domingo :
_bCentro para la Observación Migraciones y el desarrollo Social en el Caribe,
_c2018.
300 _a337 p. ;
_c28 cm.
590 _aInventariado,2022 / DG
650 4 _aRepública Dominicana
_xEmigración e inmigración
_981601
910 _aDG
942 _2ddc
_cLBS1
999 _c51711
_d51711